000 01079cab a2200253 4500
001 WB3445-37
008 090401t1998 xxu||||| |||| 00| 0 eng d
035 _a(Sirsi) u89922
041 _aeng
245 _aAcquisition by tenants
260 _c1998
350 _a0
490 _aEstates Gazette
_v[1998] EGCS 159 (21/11/98)
520 _a"Michaels and another v Harley House (Marylebone) Ltd" CA 6 November 1998. Landlord accused ofevading duty to offer tenants first refusal on sale of a block of flats. A issue was whether the disposal was exempt as being in favour of an associated company. Judge found that the tenants were estopped by reason of their failure to pursue their rights with sifficient vigour. Tenants appealed. Appeal dismissed.
650 _aBLOCK OF FLATS
650 _aCOMPANIES ACT 1985 S736
650 _aESTOPPEL
650 _aMICHAELS AND ANOTHER V HARLEY HOUSE (MARYLEBONE) LTD
650 _aRELEVANT DISPOSAL
650 _aRIGHT TO BUY
690 _aLANDLORD AND TENANT-CASE LAW-LEASEHOLD REFORM
942 _n0
948 _c25/11/1998
999 _c56934
_d56934